000 00724nam a2200253Ia 4500
003 OSt
005 20220928131214.0
006 a|||||r|||| 00| 0
007 ta
008 220927b |||||||| |||| 00| 0 eng d
020 _c1831.5
024 _a109329
037 _b121, 21/09/2010, Pioneer Book Distributors
_cTextual
040 _aSDCL
_cSDCL
_beng
041 _2eng
_aeng
082 _aR3xNOOx, P9.1
100 _aRyle Gilbert
_9395473
245 0 _aCritical essays.
260 _aLondon
_bRoutledge
_c2009
300 _axxiv,315p.
_ccm.
650 _aPhilosophy
942 _hR3xNOOx, P9.1
_cTEXL
_2CC
999 _c789927
_d789927